000 00288nam a22001097a 4500
008 160613b xxu||||| |||| 00| 0 eng d
020 _a0323022405
041 _aeng
080 _a618.2
245 _aCommunity & public health nursing:
_cMarcia Stanhope; Jeanette Lancaster;
942 _2udc
_cBK
999 _c2467
_d2467